000 00319nam a22001337a 4500
999 _c535311
_d535311
020 _a978-1631491948
040 _cMSOHAIL
082 _a813.6
_bCEL
100 _aAdrienne Celt
_929799
245 _aThe Daughters: A Novel
260 _aLiveright;
_c2015
300 _a272;p
_b 5.5 x 0.7 x 8.3 inches
942 _2ddc
_cBK